LDR 01231nam a2200265 4500 001 000000367004 003 CaOOAMICUS 005 20260326154519.0 008 260325s1995 it 000 u ita r 020 $a88-222-4367-6 040 $aSeMil$bita 100 1 $aHendrix, Harald.$0(OLS)http://semarc/name/124016 245 10$aTraiano Boccalini fra erudizione e polemica :$bricerche sulla fortuna e bibliografia critica /$cHarald Hendrix. 264 1$aFirenze :$bOlschki,$c1995. 300 $aVII, 405 p. ;$c24 cm 490 1 $aIl pensiero politico. Biblioteca ;$v22 650 4$aBoccalini, Traiano <1556-1613> - Pensiero politico.$0(OLS)http://semarc/subject/59869 830 3$aIl pensiero politico. Biblioteca ;$v22.$0(OLS)http://semarc/title/455818 850 $aSeMil 852 $aSeMil$W1$xVenegono$y1$m3N V 113$j269141$B257745$CSeMilBibl$Z2$F257745 $81 961 $aBuzzi mons. Franco - Omaggio 996 $6020$a88-222-4367-6$9(OLS)http://semarc/number/305576 996 $6245$aTraiano Boccalini fra erudizione e polemica :$bricerche sulla fortuna e bibliografia critica$9(OLS)http://semarc/title/458827 996 $6264$aFirenze :$bOlschki$9(OLS)http://semarc/publisher/30137